[Event "XIV American Continental"]
[Site "Sao Paulo BRA"]
[Date "2019.07.05"]
[Round "1.46"]
[White "De Borba, Guilherme"]
[Black "Moccero, Eduardo"]
[Result "1/2-1/2"]
[WhiteElo "2330"]
[BlackElo "1933"]
[EventDate "2019.07.05"]
[PlyCount "102"]
[EventRounds "11"]
[EventCountry "BRA"]

1.e4 d5 2.exd5 Qxd5 3.Nc3 Qa5 4.d4 Nf6 5.Bc4 Bf5 6.Ne2 e6 7.O-O Be7 8.Ng3 
Bg6 9.f4 c6 10.Qe2 Nh5 11.Nxh5 Qxh5 12.g4 Qh4 13.Re1 Nd7 14.Be3 Nf6 15.f5 
exf5 16.Bf4 Ng8 17.d5 O-O-O 18.Qe3 Qxg4+ 19.Kh1 Bc5 20.Qxc5 Qxf4 21.Rf1 
Qd6 22.Qxa7 f4 23.Na4 Be4+ 24.Kg1 Bxd5 25.Bxd5 cxd5 26.Rf3 Ne7 27.Rb3 Qg6+
28.Kf1 Qa6+ 29.Qxa6 bxa6 30.Rb6 Kc7 31.Rxa6 Ra8 32.Rxa8 Rxa8 33.Nc3 Kc6 
34.a4 Nf5 35.Kf2 g5 36.b4 g4 37.a5 g3+ 38.Kf3 Nd4+ 39.Kxf4 gxh2 40.Rh1 
Nxc2 41.b5+ Kc5 42.b6 Nb4 43.Rxh2 Rxa5 44.b7 Nc6 45.Rxh7 Ra3 46.Ne2 Ra4+ 
47.Ke3 Rb4 48.Rxf7 d4+ 49.Kd2 Nd8 50.Rc7+ Kd6 51.Rc4 Rxb7 1/2-1/2

[Event "XIV American Continental"]
[Site "Sao Paulo BRA"]
[Date "2019.07.05"]
[Round "1.47"]
[White "Roverso, Leandro"]
[Black "Rangel, Daniel"]
[Result "0-1"]
[WhiteElo "1932"]
[BlackElo "2325"]
[EventDate "2019.07.05"]
[PlyCount "56"]
[EventRounds "11"]
[EventCountry "BRA"]

1.d4 Nf6 2.Nf3 e6 3.c4 d5 4.Nc3 c6 5.cxd5 exd5 6.Bg5 Be7 7.e3 Bf5 8.Bd3 
Bg6 9.O-O Nbd7 10.Re1 O-O 11.Bxg6 hxg6 12.Qd3 Re8 13.Re2 Qa5 14.a3 Bd6 15.
Nd2 Ne4 16.b4 Bxb4 17.Nb3 Qc7 18.Nxe4 dxe4 19.Qc4 Bd6 20.h3 Nb6 21.Qc2 Qd7
22.Nc5 Bxc5 23.dxc5 Nd5 24.Rd2 b5 25.cxb6 axb6 26.Rc1 Re6 27.Rd4 Rxa3 28.
Rxe4 Rc3 0-1

[Event "XIV American Continental"]
[Site "Sao Paulo BRA"]
[Date "2019.07.05"]
[Round "1.48"]
[White "Aranha Filho, Alvaro Zimmermann"]
[Black "Moro, Antonio Renato Pereira"]
[Result "1-0"]
[WhiteElo "2320"]
[BlackElo "1927"]
[EventDate "2019.07.05"]
[PlyCount "63"]
[EventRounds "11"]
[EventCountry "BRA"]

1.d4 Nf6 2.Nf3 e6 3.c4 Bb4+ 4.Nbd2 b6 5.a3 Be7 6.e4 Bb7 7.Bd3 d5 8.cxd5 
exd5 9.e5 Ne4 10.O-O c5 11.Re1 O-O 12.Nxe4 dxe4 13.Bxe4 Bxe4 14.Rxe4 Qd5 
15.Qe2 Nc6 16.dxc5 Bxc5 17.Bg5 h6 18.Bh4 Rfe8 19.b4 Bf8 20.Rd1 Qe6 21.b5 
Nd8 22.Nd4 Qc8 23.Qf3 Ne6 24.Nf5 Qc5 25.Nd6 Bxd6 26.exd6 Ng5 27.Bxg5 Qxg5 
28.Re7 Rf8 29.Rxf7 Qxb5 30.Rxf8+ Rxf8 31.Qxf8+ Kxf8 32.d7 1-0

[Event "XIV American Continental"]
[Site "Sao Paulo BRA"]
[Date "2019.07.05"]
[Round "1.50"]
[White "Guimaraes, Diogo Duarte"]
[Black "Correa, Jose Augusto"]
[Result "1-0"]
[WhiteElo "2307"]
[BlackElo "1911"]
[EventDate "2019.07.05"]
[PlyCount "61"]
[EventRounds "11"]
[EventCountry "BRA"]

1.e4 c5 2.Nf3 g6 3.d4 cxd4 4.Qxd4 Nf6 5.Nc3 Bg7 6.e5 Nc6 7.Qa4 Ng8 8.Bf4 
f6 9.O-O-O fxe5 10.Bg3 d6 11.Nxe5 Bd7 12.Nxd7 Qxd7 13.Nd5 Rc8 14.Be2 Nf6 
15.Nxf6+ Bxf6 16.Bg4 Qc7 17.Bxc8 Qxc8 18.Qc4 Kf8 19.h4 h5 20.Bf4 Kg7 21.
Bg5 Qf5 22.Rd5 Bxg5+ 23.hxg5 Ne5 24.Qd4 Rc8 25.c3 e6 26.Rxd6 Rc4 27.Rd7+ 
Kg8 28.Rd8+ Kf7 29.Qd2 Rg4 30.g3 Ra4 31.Rd1 1-0

[Event "XIV American Continental"]
[Site "Sao Paulo BRA"]
[Date "2019.07.05"]
[Round "1.51"]
[White "Moyses Sobrinho, Elias"]
[Black "Uribe Arteaga, Daniel"]
[Result "0-1"]
[WhiteElo "1906"]
[BlackElo "2304"]
[EventDate "2019.07.05"]
[PlyCount "76"]
[EventRounds "11"]
[EventCountry "BRA"]

1.d4 d6 2.c4 Nf6 3.Nc3 Nbd7 4.e4 e5 5.Nf3 Be7 6.Be2 O-O 7.O-O c6 8.h3 Qe8 
9.d5 Nc5 10.Qc2 cxd5 11.cxd5 Bd7 12.b4 Na4 13.Nxa4 Bxa4 14.Qd3 Rc8 15.Qe3 
Bb5 16.a4 Bxa4 17.Qxa7 Bb5 18.Qe3 Bd8 19.Bd2 Bb6 20.Qxb6 Bxe2 21.Rfe1 Bxf3
22.gxf3 Qd7 23.Kg2 Rc2 24.Be3 Nh5 25.Rec1 Rb2 26.Rc7 Qd8 27.Rac1 Qh4 28.
R1c2 Rxc2 29.Rxc2 f5 30.exf5 e4 31.Qxd6 exf3+ 32.Kh2 Re8 33.Qd7 Nf6 34.Qd6
Ng4+ 35.Kg1 Qxh3 36.Qg3 Qxg3+ 37.fxg3 Rxe3 38.Rc4 Re1# 0-1

[Event "XIV American Continental"]
[Site "Sao Paulo BRA"]
[Date "2019.07.05"]
[Round "1.52"]
[White "Brito, Luismar"]
[Black "Baeta, Marcio Netto"]
[Result "1-0"]
[WhiteElo "2298"]
[BlackElo "1903"]
[EventDate "2019.07.05"]
[PlyCount "70"]
[EventRounds "11"]
[EventCountry "BRA"]

1.Nc3 c5 2.Nf3 Nc6 3.d4 cxd4 4.Nxd4 d5 5.Bf4 f6 6.Ndb5 d4 7.Nc7+ Kf7 8.
Nxa8 e5 9.Bd2 dxc3 10.Bxc3 Bd6 11.Qd3 Bb8 12.Qb5 Qe7 13.e3 Be6 14.Bc4 Bxc4
15.Qxc4+ Qe6 16.Qb5 Qc8 17.Qb3+ Ke7 18.O-O-O Nh6 19.Bb4+ Nxb4 20.Qxb4+ Kf7
21.Rd3 Nf5 22.Rc3 Qd7 23.Rd1 Nd6 24.Nc7 Bxc7 25.Qc4+ Nxc4 26.Rxd7+ Ke6 27.
Rxc7 Nd6 28.Rxg7 h5 29.f3 e4 30.Kd2 h4 31.Ke2 h3 32.g4 exf3+ 33.Kxf3 a6 
34.Rcc7 Rf8 35.Rge7+ Kd5 1-0

[Event "XIV American Continental"]
[Site "Sao Paulo BRA"]
[Date "2019.07.05"]
[Round "1.53"]
[White "Dos Santos, Matheus Garcett Souza"]
[Black "Cadilhac, Igor Tokuichi Kikuchi"]
[Result "0-1"]
[WhiteElo "1874"]
[BlackElo "2291"]
[EventDate "2019.07.05"]
[PlyCount "60"]
[EventRounds "11"]
[EventCountry "BRA"]

1.Nf3 c5 2.e4 g6 3.d4 cxd4 4.Qxd4 Nf6 5.Nc3 Nc6 6.Qa4 d6 7.e5 dxe5 8.Nxe5 
Bd7 9.Nxd7 Nxd7 10.Nd5 e6 11.Ne3 Bg7 12.Be2 Nd4 13.c3 Nxe2 14.Kxe2 Qc7 15.
Rd1 Rd8 16.Qa3 Qxh2 17.Qxa7 Qh5+ 18.f3 Qb5+ 19.c4 Qc6 20.Qa3 Rc8 21.Rb1 
Nb6 22.Rd6 Qc7 23.c5 Nd7 24.b4 O-O 25.Bb2 Ra8 26.Qb3 Nf6 27.Nc4 Nd5 28.
Bxg7 Kxg7 29.Qb2+ Kg8 30.Ne5 Rxa2 0-1

[Event "XIV American Continental"]
[Site "Sao Paulo BRA"]
[Date "2019.07.05"]
[Round "1.54"]
[White "Cortes Orihuela, Javier"]
[Black "Crocitti, Daniel"]
[Result "1/2-1/2"]
[WhiteElo "2267"]
[BlackElo "1873"]
[EventDate "2019.07.05"]
[PlyCount "92"]
[EventRounds "11"]
[EventCountry "BRA"]

1.d4 d5 2.c4 e6 3.Nf3 c5 4.cxd5 exd5 5.g3 Nc6 6.Bg2 Nf6 7.O-O Be7 8.Nc3 
O-O 9.dxc5 Bxc5 10.Na4 Be7 11.Be3 b6 12.Rc1 Qd7 13.Nc3 Rd8 14.Qa4 Bb7 15.
Rfd1 h6 16.Rd2 Na5 17.Qxd7 Rxd7 18.Ne5 Rc7 19.Rdd1 Bd6 20.Nd3 Re8 21.Nb5 
Rxc1 22.Bxc1 Bb8 23.Nd4 Ne4 24.Bf4 Bxf4 25.Nxf4 Rc8 26.Nf5 Rc2 27.Ne7+ Kf8
28.Nexd5 Bxd5 29.Nxd5 Rxe2 30.Rc1 Nd6 31.b4 Nac4 32.Bf1 Rd2 33.Bxc4 Nxc4 
34.Nc7 Ne5 35.a4 Nd3 36.Rf1 Nxb4 37.Re1 g6 38.Re8+ Kg7 39.Ra8 Nd3 40.Ne8+ 
Kh7 41.Nf6+ Kg7 42.Ne8+ Kg8 43.Nf6+ Kg7 44.Ne8+ Kf8 45.Nd6+ Ke7 46.Nc4 
Rxf2 1/2-1/2

[Event "XIV American Continental"]
[Site "Sao Paulo BRA"]
[Date "2019.07.05"]
[Round "1.55"]
[White "De Freitas, Jose Renato Silva"]
[Black "Filgueiras, Nathan Felipe"]
[Result "0-1"]
[WhiteElo "1873"]
[BlackElo "2259"]
[EventDate "2019.07.05"]
[PlyCount "60"]
[EventRounds "11"]
[EventCountry "BRA"]

1.d4 Nf6 2.c4 e6 3.Nc3 Bb4 4.e3 O-O 5.Ne2 c6 6.a3 Ba5 7.b4 Bc7 8.Ng3 d5 9.
Bd3 e5 10.dxe5 Bxe5 11.Bb2 dxc4 12.Bxc4 b5 13.Be2 a5 14.O-O axb4 15.axb4 
Rxa1 16.Qxa1 Qe7 17.Nd5 Nxd5 18.Bxe5 Na6 19.Bxg7 Re8 20.Nh5 Naxb4 21.Bh8 
f5 22.Bf3 Be6 23.Rc1 Rc8 24.Nf6+ Nxf6 25.Bxf6 Qf7 26.Bd4 Bd5 27.Bxd5 Qxd5 
28.Rc5 Qd7 29.Qd1 Nd5 30.Qh5 Qf7 0-1

[Event "XIV American Continental"]
[Site "Sao Paulo BRA"]
[Date "2019.07.05"]
[Round "1.56"]
[White "Abdalla, Luiz Guilherme Aurelli"]
[Black "Torres, Eduardo Lisboa"]
[Result "1-0"]
[WhiteElo "2245"]
[BlackElo "1872"]
[EventDate "2019.07.05"]
[PlyCount "69"]
[EventRounds "11"]
[EventCountry "BRA"]

1.d4 Nf6 2.c4 g6 3.Nc3 Bg7 4.e4 d6 5.Nf3 O-O 6.Be2 e5 7.O-O Nc6 8.d5 Ne7 
9.b4 Nh5 10.g3 f5 11.Ng5 Nf6 12.Bf3 a5 13.Ba3 b6 14.bxa5 Rxa5 15.Bb4 Ra6 
16.a4 h6 17.Ne6 Bxe6 18.dxe6 Nc6 19.Ba3 Nd4 20.exf5 gxf5 21.Bb7 Ra7 22.Bd5
Nxd5 23.cxd5 e4 24.Rc1 Qa8 25.Bb2 Nf3+ 26.Kh1 Qe8 27.Kg2 Qh5 28.h3 Qg6 29.
Nb5 Bxb2 30.Nxa7 f4 31.Rxc7 fxg3 32.fxg3 Be5 33.g4 h5 34.Nc6 hxg4 35.Ne7+ 
1-0

[Event "XIV American Continental"]
[Site "Sao Paulo BRA"]
[Date "2019.07.05"]
[Round "1.57"]
[White "Cordioli, Jairo Ribeiro"]
[Black "Donoso Diaz, Sebastian"]
[Result "1/2-1/2"]
[WhiteElo "1871"]
[BlackElo "2239"]
[EventDate "2019.07.05"]
[PlyCount "110"]
[EventRounds "11"]
[EventCountry "BRA"]

1.d4 d5 2.Nf3 Nf6 3.c4 dxc4 4.Qa4+ Nbd7 5.Nc3 c6 6.Qxc4 g6 7.e4 Bg7 8.e5 
Nb6 9.Qd3 Nfd5 10.a3 O-O 11.Be2 Nxc3 12.bxc3 Be6 13.O-O Bc4 14.Qd2 Qd5 15.
Ne1 c5 16.Nf3 Rfd8 17.a4 Rac8 18.Bxc4 Nxc4 19.Qe2 b6 20.Bg5 f6 21.Bf4 cxd4
22.cxd4 Na5 23.Rfe1 Nb3 24.Rad1 Qc4 25.Qe3 Qxa4 26.exf6 exf6 27.Qe6+ Kh8 
28.Be3 Na5 29.d5 Qd7 30.Qe4 Nc4 31.Bf4 Re8 32.Qd4 b5 33.Rxe8+ Rxe8 34.d6 
g5 35.Be3 Nxe3 36.fxe3 Rc8 37.Ra1 f5 38.Rxa7 Bxd4 39.Rxd7 Bxe3+ 40.Kf1 Rb8
41.Ne5 Bf4 42.Nf7+ Kg7 43.g3 Bd2 44.Ke2 Bc3 45.Kd3 Bf6 46.Nxg5+ Kg6 47.
Nxh7 b4 48.Nxf6 Kxf6 49.Kc2 Ke6 50.Re7+ Kxd6 51.Re3 Ra8 52.h4 Ra2+ 53.Kb3 
Rf2 54.Re1 Kd5 55.Rh1 Rg2 1/2-1/2

[Event "XIV American Continental"]
[Site "Sao Paulo BRA"]
[Date "2019.07.05"]
[Round "1.58"]
[White "Martins, Carlos"]
[Black "Kruger, Israel"]
[Result "1/2-1/2"]
[WhiteElo "2238"]
[BlackElo "1869"]
[EventDate "2019.07.05"]
[PlyCount "77"]
[EventRounds "11"]
[EventCountry "BRA"]

1.e4 g6 2.d4 Bg7 3.Nc3 d6 4.Be3 a6 5.h4 h5 6.Nh3 Bxh3 7.Rxh3 b5 8.Qd2 Nd7 
9.O-O-O Nh6 10.f3 Nb6 11.a3 c6 12.Bd3 a5 13.Nb1 d5 14.b3 dxe4 15.Bxe4 Nd5 
16.Bg5 Qd7 17.Re1 e6 18.g4 hxg4 19.fxg4 Nxg4 20.Bf3 Nh6 21.h5 Nf5 22.Bg4 
f6 23.hxg6 O-O-O 24.Bxf5 exf5 25.Qxa5 Kb7 26.Rxh8 Rxh8 27.c4 fxg5 28.cxd5 
Bxd4 29.Re6 Rh1+ 30.Kc2 Bb6 31.dxc6+ Qxc6+ 32.Rxc6 Bxa5 33.Rc5 Rh6 34.
Rxb5+ Bb6 35.g7 Rg6 36.Rxf5 Rxg7 37.Nc3 g4 38.Ne2 g3 39.Nxg3 1/2-1/2

[Event "XIV American Continental"]
[Site "Sao Paulo BRA"]
[Date "2019.07.05"]
[Round "1.59"]
[White "Andrade, Guilherme Alves de Souza"]
[Black "Bouwman, Marcelo Wanderley"]
[Result "0-1"]
[WhiteElo "1867"]
[BlackElo "2234"]
[EventDate "2019.07.05"]
[PlyCount "70"]
[EventRounds "11"]
[EventCountry "BRA"]

1.d4 Nf6 2.Bf4 d6 3.e3 g6 4.Nf3 Bg7 5.Be2 Nbd7 6.h3 O-O 7.O-O c6 8.c3 Qe8 
9.Re1 e5 10.Bh2 Qe7 11.a4 Rd8 12.Na3 e4 13.Nd2 Nf8 14.Qc2 h5 15.b4 d5 16.
Reb1 g5 17.c4 g4 18.cxd5 Nxd5 19.hxg4 hxg4 20.Nac4 Bf5 21.Qb3 Ng6 22.Ra2 
Rac8 23.Rc2 Bf8 24.b5 c5 25.Ne5 Nb4 26.Nxg6 Bxg6 27.Rcc1 cxd4 28.Bf4 Qd7 
29.exd4 Qxd4 30.Rc4 Rxc4 31.Nxc4 Nd3 32.Ne3 Nxf4 33.Bxg4 Nd3 34.g3 Bh6 35.
Nd1 e3 0-1

[Event "XIV American Continental"]
[Site "Sao Paulo BRA"]
[Date "2019.07.05"]
[Round "1.60"]
[White "Tsuboi, Edson Kenji"]
[Black "Frattini, Beatriz Maria"]
[Result "1-0"]
[WhiteElo "2233"]
[BlackElo "1858"]
[EventDate "2019.07.05"]
[PlyCount "61"]
[EventRounds "11"]
[EventCountry "BRA"]

1.e4 c5 2.Nf3 e6 3.d4 cxd4 4.Nxd4 Nf6 5.Nc3 d6 6.g4 h6 7.h4 Nc6 8.Rg1 d5 
9.Bb5 Bd7 10.exd5 Nxd5 11.Nxd5 exd5 12.Be3 Be7 13.g5 hxg5 14.hxg5 Ne5 15.
Qe2 a6 16.Bxd7+ Qxd7 17.O-O-O O-O-O 18.Kb1 Nc4 19.Bc1 Kb8 20.Qg4 Bc5 21.
Qxd7 Rxd7 22.Rge1 g6 23.b3 Nd6 24.Be3 Ne4 25.Rd3 Rh5 26.Rg1 Bxd4 27.Bxd4 
Rxg5 28.Rh1 Rg2 29.Bb6 Nd6 30.Rh8+ Nc8 31.Rc3 1-0

[Event "XIV American Continental"]
[Site "Sao Paulo BRA"]
[Date "2019.07.05"]
[Round "1.61"]
[White "Ferreira, Jose Carlos"]
[Black "Cherniack, Alex"]
[Result "0-1"]
[WhiteElo "1835"]
[BlackElo "2231"]
[EventDate "2019.07.05"]
[PlyCount "100"]
[EventRounds "11"]
[EventCountry "BRA"]

1.Nf3 d5 2.d4 Nf6 3.g3 Nc6 4.Bg2 e6 5.O-O Rb8 6.a4 Bd6 7.e3 O-O 8.Nbd2 e5 
9.Nxe5 Nxe5 10.dxe5 Bxe5 11.Nb3 c6 12.c3 Qe7 13.Nd4 c5 14.Ne2 Rd8 15.Qe1 
b6 16.f3 Ba6 17.Qf2 Bxe2 18.Qxe2 d4 19.cxd4 cxd4 20.Ra3 Bd6 21.Rd3 Bc5 22.
e4 Nd5 23.Bd2 a5 24.Rd1 Ne3 25.Bxe3 dxe3 26.Rxd8+ Rxd8 27.Rxd8+ Qxd8 28.
Bf1 Qd4 29.Kg2 Qxa4 30.Qd3 Qb4 31.b3 Qe1 32.Kh3 g6 33.Qe2 Qa1 34.Qd3 Qb2 
35.Be2 Kg7 36.f4 Qd4 37.Qxd4+ Bxd4 38.Kg4 f6 39.Kf3 Kf7 40.Bc4+ Ke7 41.Ke2
Kd6 42.e5+ fxe5 43.fxe5+ Kxe5 44.Bg8 h6 45.Bf7 g5 46.Bc4 Bc5 47.Kd3 Kf5 
48.Ke2 Ke4 49.h3 Kd4 50.Bb5 Kc3 0-1

[Event "XIV American Continental"]
[Site "Sao Paulo BRA"]
[Date "2019.07.05"]
[Round "1.63"]
[White "Melo, Igor de Souza"]
[Black "Gasic Merino, Franco"]
[Result "0-1"]
[WhiteElo "1825"]
[BlackElo "2226"]
[EventDate "2019.07.05"]
[PlyCount "54"]
[EventRounds "11"]
[EventCountry "BRA"]

1.e4 d5 2.exd5 Nf6 3.Nf3 Qxd5 4.d4 Bg4 5.Be2 Nc6 6.c4 Qh5 7.Nc3 O-O-O 8.
Be3 e5 9.d5 e4 10.Nd4 Ne5 11.Bxg4+ Nexg4 12.Bf4 Ne5 13.Bxe5 Qxe5 14.O-O 
Bc5 15.Nb3 Bd6 16.g3 h5 17.c5 Be7 18.f4 Qf5 19.d6 cxd6 20.cxd6 Bxd6 21.Qe2
Bc7 22.Qc4 Kb8 23.Rac1 Bb6+ 24.Kh1 h4 25.Ne2 hxg3 26.Nxg3 Rxh2+ 27.Kxh2 
Rh8+ 0-1

[Event "XIV American Continental"]
[Site "Sao Paulo BRA"]
[Date "2019.07.05"]
[Round "1.64"]
[White "Pereira, Silvio Cunha"]
[Black "Lo Kim Lin, Frank"]
[Result "1-0"]
[WhiteElo "2220"]
[BlackElo "1823"]
[EventDate "2019.07.05"]
[PlyCount "60"]
[EventRounds "11"]
[EventCountry "BRA"]

1.e4 c5 2.Nf3 d6 3.d4 cxd4 4.Qxd4 Nc6 5.Bb5 Bd7 6.Bxc6 bxc6 7.O-O e5 8.Qd3
Nf6 9.c4 Be7 10.Nc3 O-O 11.b3 Qc7 12.Bg5 Rad8 13.Rfd1 Be6 14.Rac1 h6 15.
Bxf6 Bxf6 16.Nd5 cxd5 17.cxd5 Qd7 18.dxe6 Qxe6 19.Rc6 Be7 20.Rc7 a5 21.Qd5
Rde8 22.Ra7 Qxd5 23.Rxd5 Rc8 24.g3 Rfe8 25.Rdxa5 Rc1+ 26.Kg2 Bd8 27.Rb5 
Bc7 28.Rbb7 Rc8 29.Nd2 Rc6 30.Nc4 Kf8 1-0

[Event "XIV American Continental"]
[Site "Sao Paulo BRA"]
[Date "2019.07.05"]
[Round "1.65"]
[White "Dos Santos, Fabio Alexandre"]
[Black "Sega, Carlos Alberto"]
[Result "0-1"]
[WhiteElo "1821"]
[BlackElo "2220"]
[EventDate "2019.07.05"]
[PlyCount "142"]
[EventRounds "11"]
[EventCountry "BRA"]

1.d4 Nf6 2.c4 e6 3.Nf3 b6 4.g3 Ba6 5.Qc2 c5 6.Bg2 Bb7 7.O-O cxd4 8.Nxd4 
Bxg2 9.Kxg2 Bc5 10.Nb3 Be7 11.Nc3 O-O 12.Rd1 Qc8 13.Nd2 a6 14.Qd3 Rd8 15.
Qf3 Nc6 16.b3 Ne5 17.Qf4 Qc6+ 18.Kg1 d6 19.Bb2 b5 20.cxb5 axb5 21.Rac1 Ng6
22.Qf3 d5 23.Qd3 b4 24.Na4 Qb7 25.Nc5 Qa7 26.Na4 e5 27.e3 Qb7 28.Rc2 Rac8 
29.Rdc1 Rxc2 30.Qxc2 d4 31.exd4 exd4 32.Qc6 Qa7 33.Qc7 Qxc7 34.Rxc7 Nd5 
35.Rc4 Nc3 36.Nf3 Nxa4 37.Bxd4 Nc3 38.Bxc3 bxc3 39.Rxc3 Rd1+ 40.Kg2 f6 41.
a4 Ra1 42.Nd4 Ne5 43.Nf5 Bf8 44.Nd4 Ra2 45.Nc2 h5 46.h3 Be7 47.f4 Nd3 48.
Kf3 Nc5 49.Nd4 Kf7 50.Nf5 Bf8 51.Nd4 Ra3 52.Re3 g6 53.Ke2 f5 54.Kd2 Bg7 
55.Nb5 Nxb3+ 56.Kd1 Ra1+ 57.Kc2 Nd4+ 58.Nxd4 Bxd4 59.Rd3 Bf2 60.Kb2 Rxa4 
61.Rf3 Be1 62.Kc2 Re4 63.Kd1 Ke6 64.Rd3 Bf2 65.Kd2 Rd4 66.Rxd4 Bxd4 67.Ke2
Kd5 68.Kf3 Kc4 69.Ke2 Kc3 70.Kf3 Kd3 71.g4 h4 0-1

[Event "XIV American Continental"]
[Site "Sao Paulo BRA"]
[Date "2019.07.05"]
[Round "1.66"]
[White "Fernandez, Maria Florencia"]
[Black "Passos, Rafael Moreira"]
[Result "1-0"]
[WhiteElo "2220"]
[BlackElo "1808"]
[EventDate "2019.07.05"]
[PlyCount "73"]
[EventRounds "11"]
[EventCountry "BRA"]

1.d4 d5 2.c4 e6 3.Nc3 Nf6 4.cxd5 exd5 5.Bg5 c6 6.e3 Be7 7.Bd3 O-O 8.Qc2 
Nbd7 9.Nge2 Re8 10.h3 Nf8 11.O-O-O Ne4 12.Bxe7 Qxe7 13.Bxe4 dxe4 14.Ng3 f5
15.Kb1 Be6 16.f3 Qg5 17.Qf2 exf3 18.h4 Qg6 19.h5 Qg5 20.Qxf3 Bxa2+ 21.Kxa2
Rxe3 22.Qf1 Rxg3 23.Qc4+ Kh8 24.h6 gxh6 25.d5 cxd5 26.Rxd5 Rg4 27.Qd3 Re8 
28.Rxf5 Qg8+ 29.Nd5 Rxg2 30.Rhf1 Rg7 31.Ka1 Rd8 32.Qc3 Ng6 33.Nf6 Qe6 34.
Nh5 Qg8 35.Rf7 Rd1+ 36.Rxd1 Qxf7 37.Nxg7 1-0

[Event "XIV American Continental"]
[Site "Sao Paulo BRA"]
[Date "2019.07.05"]
[Round "1.68"]
[White "Terao, Juliana Sayumi"]
[Black "De Freitas, Julio Eimard"]
[Result "1-0"]
[WhiteElo "2213"]
[BlackElo "1799"]
[EventDate "2019.07.05"]
[PlyCount "93"]
[EventRounds "11"]
[EventCountry "BRA"]

1.e4 c5 2.Nf3 d6 3.d4 cxd4 4.Nxd4 Nf6 5.f3 a6 6.c4 Nc6 7.Nc3 e5 8.Nc2 Be7 
9.Be3 O-O 10.Be2 Bd7 11.O-O Nh5 12.Nd5 Bg5 13.Bb6 Qc8 14.g3 Bd8 15.Be3 Ne7
16.Ncb4 Bh3 17.Nxe7+ Bxe7 18.Nd5 Bd8 19.Rf2 Qe6 20.Qd2 Qg6 21.Kh1 Rc8 22.
Rg1 Be6 23.Bd3 Nf6 24.g4 Nd7 25.b3 Nc5 26.Bb1 a5 27.Nc3 Bh4 28.Rff1 Be7 
29.f4 exf4 30.Bxf4 Bd7 31.Nd5 Bd8 32.e5 Qe6 33.Bf5 Qe8 34.exd6 Bxf5 35.
gxf5 Qe4+ 36.Qg2 Kh8 37.Rf3 g5 38.fxg6 fxg6 39.Rgf1 Ne6 40.Bd2 Rxf3 41.
Rxf3 Qb1+ 42.Rf1 Qd3 43.Re1 Ng7 44.Bc3 Bh4 45.Qe4 Qxe4+ 46.Rxe4 Bg5 47.h4 
1-0

[Event "XIV American Continental"]
[Site "Sao Paulo BRA"]
[Date "2019.07.05"]
[Round "1.69"]
[White "Pereira Vera, Henry Alberto"]
[Black "Guimaraes, Wagner Peixoto"]
[Result "0-1"]
[WhiteElo "1790"]
[BlackElo "2206"]
[EventDate "2019.07.05"]
[PlyCount "86"]
[EventRounds "11"]
[EventCountry "BRA"]

1.b3 b6 2.Nf3 Bb7 3.Bb2 e6 4.e3 Nf6 5.Be2 Be7 6.O-O O-O 7.d3 c5 8.Nbd2 d6 
9.a4 Nc6 10.Nc4 a6 11.d4 Qc7 12.Nfd2 e5 13.dxc5 dxc5 14.Bf3 Rad8 15.Qe2 
Nd5 16.Rfd1 f5 17.g3 e4 18.Bg2 Bf6 19.Bxf6 Nxf6 20.Nf1 Nb4 21.Rxd8 Rxd8 
22.Rd1 Nfd5 23.Qd2 Na2 24.h3 Nac3 25.Re1 b5 26.axb5 axb5 27.Na3 b4 28.Nc4 
Nf4 29.Qxd8+ Qxd8 30.gxf4 Bd5 31.Ne5 Qa8 32.Nd2 Qa2 33.Bf1 Qxc2 34.Ndc4 
Qxb3 35.Nd6 Be6 36.Nxf5 g6 37.Nh6+ Kg7 38.Nhg4 h5 39.Nh2 Qb2 40.f3 Qd2 41.
Ra1 Ba2 42.fxe4 Qxe3+ 43.Kh1 b3 0-1

[Event "XIV American Continental"]
[Site "Sao Paulo BRA"]
[Date "2019.07.05"]
[Round "1.70"]
[White "Albuquerque Junior, Wellington S."]
[Black "Dias, Joao Pedro da Cunha"]
[Result "1-0"]
[WhiteElo "2204"]
[BlackElo "1779"]
[EventDate "2019.07.05"]
[PlyCount "77"]
[EventRounds "11"]
[EventCountry "BRA"]

1.Nf3 Nf6 2.c4 e6 3.g3 d5 4.b3 Be7 5.Bg2 O-O 6.O-O c5 7.Bb2 Nc6 8.e3 Re8 
9.Qe2 Bf8 10.Nc3 a5 11.Rfd1 d4 12.exd4 cxd4 13.Nb5 e5 14.Ng5 Bg4 15.f3 Bc5
16.d3 Bf5 17.Bh3 Bxh3 18.Nxh3 e4 19.fxe4 Nxe4 20.Qg2 Nf6 21.Nf4 Qd7 22.Re1
Bb4 23.Rxe8+ Rxe8 24.a3 Bc5 25.h3 h6 26.Rf1 Qe7 27.Bc1 Qe5 28.Bd2 Bf8 29.
Re1 Qc5 30.Rxe8 Nxe8 31.Nd5 Ne7 32.b4 axb4 33.Bxb4 Qc6 34.Nxe7+ Bxe7 35.
Qxc6 bxc6 36.Bxe7 cxb5 37.cxb5 Nc7 38.b6 Ne6 39.b7 1-0

[Event "XIV American Continental"]
[Site "Sao Paulo BRA"]
[Date "2019.07.05"]
[Round "1.71"]
[White "Borensztajn, David"]
[Black "Gauche, Charles"]
[Result "0-1"]
[WhiteElo "1777"]
[BlackElo "2200"]
[EventDate "2019.07.05"]
[PlyCount "52"]
[EventRounds "11"]
[EventCountry "BRA"]

1.c4 e5 2.g3 Nf6 3.Nc3 d5 4.cxd5 Nxd5 5.Bg2 Nb6 6.Nf3 Nc6 7.O-O Be7 8.d3 
O-O 9.a3 a5 10.b3 Be6 11.Bb2 f6 12.Rc1 Qd7 13.Nb5 Rfd8 14.a4 Rac8 15.Re1 
Bb4 16.Bc3 Bxc3 17.Nxc3 Nd5 18.Qd2 Ndb4 19.Qb2 b6 20.Red1 Qf7 21.Nd2 Nd4 
22.Nc4 Qh5 23.Nd2 Nxe2+ 24.Nxe2 Qxe2 25.Bf1 Nxd3 26.Bxe2 Nxb2 0-1

[Event "XIV American Continental"]
[Site "Sao Paulo BRA"]
[Date "2019.07.05"]
[Round "1.73"]
[White "Minelli, Fausto"]
[Black "Gonzalez, Bolivar Ribeiro"]
[Result "0-1"]
[WhiteElo "1760"]
[BlackElo "2193"]
[EventDate "2019.07.05"]
[PlyCount "92"]
[EventRounds "11"]
[EventCountry "BRA"]

1.Nf3 Nf6 2.c4 c5 3.Nc3 Nc6 4.g3 d5 5.cxd5 Nxd5 6.Bg2 Nc7 7.O-O e5 8.d3 
Be7 9.h3 O-O 10.Nd2 Bd7 11.Kh2 Kh8 12.a4 f6 13.Nc4 Ne6 14.Bd2 Be8 15.a5 
Rb8 16.Nd5 Bh5 17.g4 Bf7 18.e4 Nc7 19.Nxc7 Bxc4 20.dxc4 Qxc7 21.Bc3 Rbd8 
22.Qa4 Rd7 23.Rfd1 Rfd8 24.Rxd7 Qxd7 25.Bf1 Nd4 26.Qxd7 Rxd7 27.Kg2 Ne6 
28.f3 a6 29.Rb1 Nf4+ 30.Kg3 h5 31.gxh5 Nxh5+ 32.Kg4 Nf4 33.h4 g6 34.Kg3 
Kg7 35.b4 cxb4 36.Bxb4 Kf7 37.Bxe7 Kxe7 38.c5 Rc7 39.c6 Rxc6 40.Rxb7+ Kd8 
41.Rb8+ Kc7 42.Rf8 Rc5 43.Bxa6 Rxa5 44.Bf1 Ra2 45.Bh3 Nh5+ 46.Kg4 Ra1 0-1

[Event "XIV American Continental"]
[Site "Sao Paulo BRA"]
[Date "2019.07.05"]
[Round "1.74"]
[White "Curi Milia, Gabriel"]
[Black "Jenidarchiche, Douglas Rodrigo"]
[Result "1-0"]
[WhiteElo "2185"]
[BlackElo "1754"]
[EventDate "2019.07.05"]
[PlyCount "81"]
[EventRounds "11"]
[EventCountry "BRA"]

1.d4 Nf6 2.c4 g6 3.Nc3 Bg7 4.e4 d6 5.f3 O-O 6.Be3 e5 7.Nge2 c6 8.Qd2 Nbd7 
9.d5 c5 10.g4 a6 11.a4 Qa5 12.Ra3 Ne8 13.Ng3 f6 14.h4 Rf7 15.h5 Nf8 16.
hxg6 hxg6 17.Qh2 Rb8 18.Bd2 Qb6 19.Nd1 Bd7 20.Be2 Qd8 21.a5 b6 22.axb6 
Qxb6 23.Nf1 Bc8 24.Nfe3 Rfb7 25.Ba5 Qa7 26.Bd3 Rb3 27.Rxb3 Rxb3 28.Bc2 Rb7
29.Ba4 Bd7 30.Bc6 Rb3 31.Qc2 Qb8 32.Rh2 Bxc6 33.dxc6 Ne6 34.Bc3 N8c7 35.
Nd5 Nxd5 36.exd5 Nd4 37.Bxd4 exd4 38.c7 Qe8+ 39.Qe4 Qd7 40.Qe6+ Qxe6+ 41.
dxe6 1-0

[Event "XIV American Continental"]
[Site "Sao Paulo BRA"]
[Date "2019.07.05"]
[Round "1.75"]
[White "Arruda Filho, Ivo Pereira de"]
[Black "Abrantes, Tiago Garrido"]
[Result "0-1"]
[WhiteElo "1744"]
[BlackElo "2177"]
[EventDate "2019.07.05"]
[PlyCount "59"]
[EventRounds "11"]
[EventCountry "BRA"]

1.Nf3 Nf6 2.d4 g6 3.Bf4 Bg7 4.e3 d6 5.Be2 Nh5 6.Bg3 Nxg3 7.hxg3 Nd7 8.Nbd2
e5 9.c3 Qe7 10.Qc2 O-O 11.O-O Re8 12.e4 exd4 13.cxd4 c5 14.d5 a6 15.a4 b6 
16.Rfe1 Rb8 17.Rab1 b5 18.axb5 axb5 19.b3 g5 20.Nh2 Ne5 21.f4 Ng6 22.f5 
Bd4+ 23.Kh1 Ne5 24.Ndf3 Nxf3 25.Nxf3 Bf2 26.Bxb5 Bxe1 27.Bxe8 Bxg3 28.Bc6 
g4 29.Ne1 Bxe1 30.Rxe1 0-1

[Event "XIV American Continental"]
[Site "Sao Paulo BRA"]
[Date "2019.07.05"]
[Round "1.76"]
[White "Aguilar, Luis Miguel"]
[Black "Azevedo, Eduardo Jose Estevao de"]
[Result "1-0"]
[WhiteElo "2175"]
[BlackElo "1738"]
[EventDate "2019.07.05"]
[PlyCount "57"]
[EventRounds "11"]
[EventCountry "BRA"]

1.g3 f5 2.Bg2 d5 3.c4 e6 4.d3 Nf6 5.Nf3 c6 6.O-O Bd6 7.Nc3 O-O 8.e4 dxe4 
9.dxe4 e5 10.Qb3 Kh8 11.exf5 Qe7 12.Nh4 Na6 13.Bg5 Nc5 14.Qc2 a5 15.Rad1 
Qc7 16.Rfe1 Bd7 17.Qd2 Be7 18.Qe2 Bd6 19.Qd2 Be7 20.f4 e4 21.Nxe4 Nfxe4 
22.Bxe4 Bxg5 23.fxg5 Rfe8 24.Bb1 Rxe1+ 25.Rxe1 Re8 26.f6 Rxe1+ 27.Qxe1 
gxf6 28.Qe7 Qe5 29.Qf8# 1-0